Optimálna samosprávna jednotka v modeli verejnej správy
Gespeichert in:
| 1. Verfasser: | |
|---|---|
| Format: | Buchkapitel |
| Sprache: | Slowakisch Englisch |
| Tags: |
Keine Tags, Fügen Sie das erste Tag hinzu!
|
MARC
| LEADER | 00000naa$a2200000$$$4500 | ||
|---|---|---|---|
| 001 | 0175999 | ||
| 005 | 20240502083417.6 | ||
| 041 | 0 | |a slo | |
| 041 | 0 | |a eng | |
| 044 | |a CZ | ||
| 245 | 1 | 0 | |a Optimálna samosprávna jednotka v modeli verejnej správy |c František Birčár |
| 500 | |a Abstrakt | ||
| 100 | 1 | |a Birčár, František | |